000 00396nam a22001697a 4500
999 _c2156
_d2155
005 20211022124742.0
008 160530b xxu||||| |||| 00| 0 eng d
020 _a81-7446-259-7
041 _aeng
082 _b6061
100 _aKazmi. S.H.H & others
_91557
245 _aAdvertisting & Sales Promotion
260 _bExcel Books
300 _a569
650 _aManagement
_9241
942 _cBK